00726 2200265 4500001002100000005001700021008004100038020001800079035002400097090001800121100002300139245008300162250001000245260003700255300002400292500002600316650003400342700000800376850001700384980001100401985000600412986001200418999001500430999001500445YOGYA-0209000003910920090227025434.0 ind  a979-692-217-7 0010-020900000039109 a591bAzi BlK aAZIZA, Juliani Nur aBerbagai cara binatang berkomunikasicpenulis, Juliani Nur Aziza ; editor, Uli aCet.2 aBandungbRemaja Rosdakaryac2003 a30 hlmbilusc28 cm aBibliografi : hlm. 30 aBinatang - Bacaan kanak-kanak aUli aYOPDYOG(JSC) a160206 a2 artrevgm a05B0007133 a05B0007234